000 00465nam a2200181 a 4500
001 23663
005 20180713221747.0
008 140415s1980 000 0 spa d
020 _a9681306120
041 _aspa
082 _a800
_bMAN
100 1 _aMandino, Og,.
245 1 0 _aOPERACION ­JESUCRISTO Y AL TERCER DIA...
260 _a[s.l.] :
_bDIANA,
_c1980
300 _a348
650 1 4 _aNOVELA
700 1 _aMEZA DE GARATE, GUADALUPE
_etr.
999 _c23663
_d23663